Śródlądowe państwa w Afryce - Statystyki

Ogólne statystyki
  • Ten quiz został rozwiązany 5 330 razy
  • Średni wynik to 13 z 16
Odpowiedzi na mapie
Odpowiedzi zakodowano w zielono-czerwonej skali na mapie do tego quizu, zgodnie z poniższymi procentami.
 
Statystyki odpowiedzi
Państwa % Poprawnych
Czad
94%
Niger
94%
Sudan Południowy
90%
Lesotho
89%
Mali
86%
Republika Środkowoafrykańska
85%
Rwanda
85%
Zambia
85%
Zimbabwe
84%
Eswatini
83%
Uganda
83%
Botswana
80%
Burundi
79%
Burkina Faso
78%
Etiopia
75%
Malawi
72%
Nie znaleziono quizów pasujących do podanych kryteriów
Rozkład punktacji
Procent ludzi z każdym wynikiem
Percentyl według liczby udzielonych odpowiedzi
Twoja historia wyników
Nie rozwiązałeś tego quizu